US States With Most Filipino-Americans - Statistics

General Stats
  • This quiz has been taken 121 times
  • The average score is 8 of 10
Answer Stats
Rank State Amount % Correct
7 New York 144,000
96%
1 California 1,651,000
95%
3 Texas 194,000
85%
8 Florida 143,000
82%
4 Washington 178,000
81%
5 Nevada 169,000
70%
9 New Jersey 129,000
70%
2 Hawaii 367,000
69%
6 Illinois 159,000
65%
10 Virginia 108,000
46%
No matching quizzes found
Score Distribution
Percent of People with Each Score
Percentile by Number Answered
Your Score History
You have not taken this quiz